Информационные технологии в коммерческой деятельности: учебное пособие

Bibliographic Details
Main Author: Бакланова Л. В. Людмила Васильевна
Corporate Author: Томский политехнический университет
Other Authors: Шевелев Г. Е. Геннадий Ефимович, Шкатова Г. И. Галина Ивановна
Summary:Учебное пособие отражает использование информационных технологий в коммерческой деятельности. В его теоретической части (главы 1 и 2) рассматривается структура экономической информационной системы, концептуальная модель информационной технологии, информационные ресурсы, общая характеристика и классификация информационных технологий, электронная торговля, основы построения баз данных. Последующие главы посвящены практическому применению информационных технологий в коммерческой деятельности. В них содержатся задания по обработке экономической информации и проведению финансовых расчетов в Excel, программированию в Visual Basic for Application в Excel, созданию баз данных и работы с ними в среде СУБД Access. Предназначено для студентов направления 080300 «Коммерция».
Language:Russian
Published: Томск, Изд-во ТПУ, 2006
Series:Учебники Томского политехнического университета
Subjects:
Format: Book
KOHA link:https://koha.lib.tpu.ru/cgi-bin/koha/opac-detail.pl?biblionumber=110371

MARC

LEADER 00000nam0a2200000 4500
001 110371
005 20260414111152.0
035 |a (RuTPU)RU\TPU\book\119200 
090 |a 110371 
100 |a 20070222d2006 m y0rusy50 ca 
101 0 |a rus 
102 |a RU 
105 |a a j 001zy 
200 1 |a Информационные технологии в коммерческой деятельности  |e учебное пособие  |f Л. В. Бакланова, Г. Е. Шевелев, Г. И. Шкатова  |g Томский политехнический университет 
210 |a Томск  |c Изд-во ТПУ  |d 2006 
215 |a 148 с.  |c ил. 
225 1 |a Учебники Томского политехнического университета 
320 |a Библиогр.: с. 146. 
330 |a Учебное пособие отражает использование информационных технологий в коммерческой деятельности. В его теоретической части (главы 1 и 2) рассматривается структура экономической информационной системы, концептуальная модель информационной технологии, информационные ресурсы, общая характеристика и классификация информационных технологий, электронная торговля, основы построения баз данных. Последующие главы посвящены практическому применению информационных технологий в коммерческой деятельности. В них содержатся задания по обработке экономической информации и проведению финансовых расчетов в Excel, программированию в Visual Basic for Application в Excel, созданию баз данных и работы с ними в среде СУБД Access. Предназначено для студентов направления 080300 «Коммерция». 
610 1 |a коммерция 
610 1 |a коммерческая деятельность 
610 1 |a информационные технологии 
610 1 |a базы данных 
610 1 |a экономическая информация 
610 1 |a финансовые расчеты 
610 1 |a программирование 
610 1 |a СУБД 
610 1 |a система управления базами данных 
610 1 |a Excel 
610 1 |a Access 
610 1 |a Visual Basic for Applications 
610 1 |a учебные пособия 
675 |a 681.3.01(075.8)  |v 3 
686 |a У9(2)42я73  |2 rubbk 
700 1 |a Бакланова  |b Л. В.  |c математик  |c старший преподаватель Томского политехнического университета  |g Людмила Васильевна  |3 (RuTPU)RU\TPU\pers\26825  |9 12444 
701 1 |a Шевелев  |b Г. Е.  |c математик  |c доцент Томского политехнического университета, кандидат физико-математических наук  |f 1946-  |g Геннадий Ефимович  |3 (RuTPU)RU\TPU\pers\25956  |9 11806 
701 1 |a Шкатова  |b Г. И.  |c специалист в области прикладной математики  |c доцент Томского политехнического университета, кандидат технических наук  |f 1945-  |g Галина Ивановна  |3 (RuTPU)RU\TPU\pers\25415  |9 11357 
712 0 2 |a Томский политехнический университет  |3 (RuTPU)RU\TPU\col\376 
801 1 |a RU  |b 63413507  |c 20070222  |g PSBO 
801 2 |a RU  |b 63413507  |c 20160809  |g PSBO 
942 |c BK